|
|
|
|
| LEADER |
02481nam a22005295i 4500 |
| 001 |
978-3-540-33248-0 |
| 003 |
DE-He213 |
| 005 |
20151204172650.0 |
| 007 |
cr nn 008mamaa |
| 008 |
100301s2006 gw | s |||| 0|eng d |
| 020 |
|
|
|a 9783540332480
|9 978-3-540-33248-0
|
| 024 |
7 |
|
|a 10.1007/11732488
|2 doi
|
| 040 |
|
|
|d GrThAP
|
| 050 |
|
4 |
|a QA75.5-76.95
|
| 072 |
|
7 |
|a UYZG
|2 bicssc
|
| 072 |
|
7 |
|a COM037000
|2 bisacsh
|
| 082 |
0 |
4 |
|a 004.0151
|2 23
|
| 245 |
1 |
0 |
|a Transactions on Computational Systems Biology IV
|h [electronic resource] /
|c edited by Corrado Priami, Luca Cardelli, Stephen Emmott.
|
| 264 |
|
1 |
|a Berlin, Heidelberg :
|b Springer Berlin Heidelberg,
|c 2006.
|
| 300 |
|
|
|a VII, 141 p.
|b online resource.
|
| 336 |
|
|
|a text
|b txt
|2 rdacontent
|
| 337 |
|
|
|a computer
|b c
|2 rdamedia
|
| 338 |
|
|
|a online resource
|b cr
|2 rdacarrier
|
| 347 |
|
|
|a text file
|b PDF
|2 rda
|
| 490 |
1 |
|
|a Lecture Notes in Computer Science,
|x 0302-9743 ;
|v 3939
|
| 505 |
0 |
|
|a Scientific Foundation for Global Computing -- Interdisciplinary Innovation in International Initiatives -- A Grand Challenge for Converging Sciences -- Applying Computer Science Research to Biodiversity Informatics: Some Experiences and Lessons -- e-Science and the VL-e Approach -- From Syntax to Semantics in Systems Biology Towards Automated Reasoning Tools -- SYMBIONIC: A European Initiative on the Systems Biology of the Neuronal Cell -- A Biological Approach to Autonomic Communication Systems -- The Twilight of the Despotic Digital Civilization -- A Compositional Approach to the Stochastic Dynamics of Gene Networks -- A Weighted Profile Based Method for Protein-RNA Interacting Residue Prediction.
|
| 650 |
|
0 |
|a Computer science.
|
| 650 |
|
0 |
|a Computers.
|
| 650 |
|
0 |
|a Database management.
|
| 650 |
|
0 |
|a Bioinformatics.
|
| 650 |
|
0 |
|a Biodiversity.
|
| 650 |
1 |
4 |
|a Computer Science.
|
| 650 |
2 |
4 |
|a Computation by Abstract Devices.
|
| 650 |
2 |
4 |
|a Bioinformatics.
|
| 650 |
2 |
4 |
|a Biodiversity.
|
| 650 |
2 |
4 |
|a Database Management.
|
| 700 |
1 |
|
|a Priami, Corrado.
|e editor.
|
| 700 |
1 |
|
|a Cardelli, Luca.
|e editor.
|
| 700 |
1 |
|
|a Emmott, Stephen.
|e editor.
|
| 710 |
2 |
|
|a SpringerLink (Online service)
|
| 773 |
0 |
|
|t Springer eBooks
|
| 776 |
0 |
8 |
|i Printed edition:
|z 9783540332459
|
| 830 |
|
0 |
|a Lecture Notes in Computer Science,
|x 0302-9743 ;
|v 3939
|
| 856 |
4 |
0 |
|u http://dx.doi.org/10.1007/11732488
|z Full Text via HEAL-Link
|
| 912 |
|
|
|a ZDB-2-SCS
|
| 912 |
|
|
|a ZDB-2-LNC
|
| 950 |
|
|
|a Computer Science (Springer-11645)
|